French Food Sudden Death - Statistics

General Stats
  • This quiz has been taken 164 times
    159 since last reset
  • The average score is 6 of 15
Answers on the Grid
Answers color-coded by a green-red scale on the quiz's grid according to % correct below.
French Fries
Beef Bourguignon
Steak Frites
Coq au Vin
Risotto
Focaccia
Quiche
Crepes
Rouladen
Bratwurst
Paella
Ratatouille
Eclair
Croissant
Baguette
Moules Frites
Stoemp
Champagne
Escargot
Haggis
French Toast
French Onion Soup
Salad Nicoise
French Dressing
Bouillabaisse
Couscous
Souffle
Tarte Tatin
French Vanilla
Pierogi
 
Answer Stats
Answer % Correct
Crepes
72%
Beef Bourguignon
64%
Coq au Vin
64%
Quiche
60%
Ratatouille
56%
Eclair
52%
Steak Frites
49%
Baguette
38%
Escargot
23%
Souffle
23%
Bouillabaisse
22%
French Onion Soup
22%
Champagne
20%
Salad Nicoise
20%
Tarte Tatin
20%
No matching quizzes found
Score Distribution
Percent of People with Each Score
Percentile by Number Answered
Your Score History
You have not taken this quiz since the last reset